ការគ្រប់គ្រង និងអភិរក្សធនធាន (Record no. 9800)

000 -LEADER
fixed length control field 00289nam a22001097a 4500
040 ## - CATALOGING SOURCE
Transcribing agency SY
082 ## - DEWEY DECIMAL CLASSIFICATION NUMBER
Classification number 333
100 ## - MAIN ENTRY--AUTHOR NAME
Personal name វុន វ៉ារី
245 ## - TITLE STATEMENT
Title ការគ្រប់គ្រង និងអភិរក្សធនធាន
260 ## - PUBLICATION, DISTRIBUTION, ETC. (IMPRINT)
Place of publication RUA
Name of publisher វុន
Year of publication 2011
942 ## - ADDED ENTRY ELEMENTS (KOHA)
Koha item type សៀវភៅភាសាខ្មែរ
952 ## - LOCATION AND ITEM INFORMATION (KOHA)
Withdrawn status [LOCAL, KOHA] 0
Holdings
Koha item type Barcode Lost status Permanent Location Current Location Date acquired Full call number
សៀវភៅភាសាខ្មែរRUA047738 Library Block CLibrary Block C2016-09-12333 វុន 2011
មជ្ឈមណ្ឌលឯការនៃសាកលវិទ្យាល័យភូមិន្ទកសិកម្មចំការដូង

Powered by Koha